| 000 | 00520nam a22001217a 4500 | ||
|---|---|---|---|
| 999 |
_c7045 _d7045 |
||
| 008 | 200415b ||||| |||| 00| 0 eng d | ||
| 100 | _aThe United Republic of Tanzania | ||
| 245 |
_aTanzania Mainland Household Budget Survey Community Characteristics 2011/12 _cThe United Republic of Tanzania _hEnglish |
||
| 260 |
_aDar Es Salaam _bNational Bureau of Statistics _c2015 |
||
| 300 |
_axiv,120p. _bIllustration _c28cm |
||
| 650 | _2Tanzania Mainland HouseHold Budget Survey Community Characteristics 2011/12 | ||
| 942 |
_2ddc _cBOOKS |
||